| 000 | 00719nam a22001937a 4500 | ||
|---|---|---|---|
| 999 |
_c12303 _d12303 |
||
| 008 | 190122b ||||| |||| 00| 0 eng d | ||
| 020 | _a971-08-6190-5 | ||
| 082 |
_2©2001 _aDFil 361.9599 _bZ849 |
||
| 100 |
_aZulueta, Francisco M. _934753 |
||
| 245 |
_aSocial problems and issues in the Philippines/ _cFrancisco M. Zulueta & Dolores B. Liwag |
||
| 260 |
_aMandaluyong City: _bNational Book Store _c©2001 |
||
| 300 |
_axiv, 382 pages : _billustrations ; _c22 cm. |
||
| 500 | _aIncludes bibliographical references and glossary. | ||
| 650 |
_aSocial problems _zPhilippines _934754 |
||
| 650 |
_aSocial conditions _zPhilippines _913085 |
||
| 700 |
_aLiwag, Dolores B. _934755 |
||
| 365 |
_b172.00 _cPhp |
||
| 942 |
_2ddc _cDFIL |
||